00354nam a2200145Ia 4500008004100000020001500041041001200056082001100068100001600079245005000095260002700145300000900172650001000181700001700191221030s9999 xx 000 0 und d a8188114057 aEnglish a105.23 aG. G. Bhise 0aEngineering Networks Analysis & Filter Design bUmesh PubaDelhic2007 a1072 aBB EE aP. R. Chadha